Statistics for 30 Most Isolated Cities with 1 Million Inhabitants

Click here to take the quiz!

General Stats

  • This quiz has been taken 133 times
  • The average score is 13 of 30

Answer Stats

D (km)Closest CityPop. (m)CITY% Correct
2,135 Adelaide1.4Perth
87%
729 Sydney1.8Brisbane
77%
654 A*3.7Melbourne
77%
654 M*1.1Adelaide
73%
714 Melbourne4.4Sydney
73%
791 Mecca3.5Riyadh
72%
889 Kaohsiung10.4Manila
56%
704 Ouagadougou1.3Bamako
55%
1,137 Guayaquil7.6Lima
55%
668 Nairobi2.7Dar es Salaam
51%
670 A*2.0Tashkent
50%
700 Conakry2.7Dakar
45%
1,242 Soweto3.4Cape Town
44%
862 Almaty1.5Ürümqi
41%
1,735 Los Angeles1.8Vancouver
41%
670 T*1.2Almaty
40%
991 Khartoum2.8Addis Ababa
39%
1,296 Belém1.6Manaus
39%
1,021 Nairobi2.6Mogadishu
39%
1,610 Dar es Salaam1.4Antananarivo
38%
703 Toronto2.8Chicago
38%
812 F*1.4Belém
33%
1,001 Rome1.2Tripoli
26%
812 B*2.4Fortaleza
25%
674 S*1.5Recife
25%
974 Manila1.2Davao
21%
674 R*2.7Salvador
21%
774 Surabaya1.3Makassar
12%
775 Karaj2.3Mashhad
11%
1,258 Barranquilla1.1Managua
4%

Score Distribution

Percentile by Number Answered

Percent of People with Each Score

Your Score History

You have not taken this quiz